| 000 | 00424nam a2200181Ia 4500 | ||
|---|---|---|---|
| 005 | 20250603144736.0 | ||
| 008 | 250603s9999 xx 000 0 und d | ||
| 020 | _a9789381385142 | ||
| 050 | _aHV 6250.4.W65 N57/ | ||
| 100 | _aNishant, Singh | ||
| 245 | 0 | _aCrime against women | |
| 260 | _aNew Delhi | ||
| 260 | _bAncient Publishing House | ||
| 260 | _c2011 | ||
| 300 | _a256 p | ||
| 650 | _aNew Delhi | ||
| 942 | _cBK | ||
| 999 |
_c39816 _d39816 |
||